|
|
|
|
| LEADER |
00692nam a2200193ra 4500 |
| 001 |
c000367336 |
| 003 |
CARM |
| 005 |
00000000000000.0 |
| 008 |
851211s1967 enk 00000 eng d |
| 019 |
1 |
|
|a 4171043
|z 45083553
|z 48222829
|5 LACONCORD2021
|
| 035 |
|
|
|a (OCoLC)2004728
|5 LACONCORD2021
|
| 100 |
1 |
|
|a Parker, Tony.
|
| 245 |
1 |
2 |
|a A man of good abilities.
|
| 260 |
|
|
|a London :
|b Hutchinson,
|c [1967]
|
| 300 |
|
|
|a 206 p.
|
| 650 |
|
0 |
|a Criminals
|z Great Britain.
|
| 852 |
8 |
|
|b CARM
|h A1:AL04G0
|i B09836
|p 0443180
|f BK
|
| 999 |
f |
f |
|i 048ddcb6-e62d-5744-91e0-0c8b8126e557
|s b76765b4-cb63-5ca2-bbd3-b9010e81d0cc
|
| 952 |
f |
f |
|p Can circulate
|a CAVAL
|b CAVAL
|c CAVAL
|d CARM 1 Store
|e B09836
|f A1:AL04G0
|h Other scheme
|i book
|m 0443180
|